Missing Word: 6 Actresses Quiz Stats

 Plays Quiz Updated Oct 5, 2012

Support Sporcle.
Go Orange.
Score 0/24 Timer 04:00
0 Plays Today
Actress Missing Word % Correct
Milla JovovichThree
99.3%
Jennifer LopezWedding
91.3%
Milla JovovichEvil
87.6%
Miranda CosgroveMine
86.8%
Diane KrugerTreasure
85.6%
Jennifer LopezLaw
85.3%
Diane KrugerInglourious
83.3%
Milla JovovichElement
75.9%
Ashley TisdaleDarko
73%
Jennifer LopezPlan
72.7%
Miranda CosgroveSchool
71.9%
Ashley TisdaleSenior
71.4%
Actress Missing Word % Correct
Ashley TisdaleBug's
69.6%
Emma StoneStupid
68.8%
Emma StoneEasy
63.7%
Jennifer LopezShall
60.7%
Miranda CosgroveJosh
53.6%
Miranda CosgroveDespicable
53%
Emma StoneGirlfriends
49.3%
Emma StoneBunny
34.7%
Diane KrugerAge
25.4%
Ashley TisdaleAliens
18.9%
Milla JovovichFaces
17.9%
Diane KrugerPiano
16.2%

Today's Daily Dose

Word Ladder
ING Words

Get the Picture
Nearest Volcano

From the Vault

Largest US Cities Ending in 'E'

by dwilson21

Geography 10m
From 'E' to shining 'E'.
Remove Ads.
Support Sporcle.
Get the best of Sporcle when you Go Orange. This ad-free experience offers more features, more stats, and more fun while also helping to support Sporcle. Thank you for becoming a member.

Show Comments

Extras

Top Quizzes Today


Score Distribution

Your Account Isn't Verified!

In order to create a playlist on Sporcle, you need to verify the email address you used during registration. Go to your Sporcle Settings to finish the process.

Report this User

Report this user for behavior that violates our Community Guidelines.

Details: